000
00212 a2200097 4500
001
11924
100
_a
Kahin, G.
245
_a
Major government of Asia
260
_a
_b
Cornell university
_c
090
_c
9178
_d
9178
942
_a
NUST-CAE
_c
M
_c
36020
999
_c
246997
_d
246997